| 000 | 00878nam a2200289 i 4500 | ||
|---|---|---|---|
| 001 | bg | ||
| 100 | 1 | _aKrawetz, Neal. | |
| 245 | 1 | 0 |
_aHacking Ubuntu : _bkonfiguracja i optymalizacja / _cNeal Krawetz ; [tł. Robert Górczyński]. |
| 246 |
_iTyt. oryg.: _aHacking Ubuntu |
||
| 260 |
_aGliwice : _bWydawnictwo Helion, _ccop. 2008. |
||
| 300 |
_a466 s. : _bil. ; _c24 cm. |
||
| 500 | _aTyt. oryg.: "Hacking Ubuntu" 2007. | ||
| 504 | _aIndeks. | ||
| 650 | 9 | _aUbuntu Linux | |
| 655 | _aPodręczniki | ||
| 700 | 1 |
_aGórczyński, Robert. _eTł. |
|
| 015 | _aPB 18575/2008 | ||
| 020 | _a9788324613182 | ||
| 040 | _cBPK | ||
| 041 | 1 |
_apol _heng |
|
| 044 | _aPOL | ||
| 080 | _a004.451(07) | ||
| 920 | _a978-83-246-1318-2 | ||
| 942 | _cKS | ||
| 008 | 080708s2008 pl a f f |001 0 pol | ||
| 999 |
_c55428 _d55428 |
||
| 856 |
_uhttp://koha.tu.koszalin.pl/cgi-bin/koha/opac-detail.pl?biblionumber=55428 _yKatalog online BPK |
||